<?xml version="1.0" encoding="UTF-8"?>
<record
    xmlns:xsi="http://www.w3.org/2001/XMLSchema-instance"
    xsi:schemaLocation="http://www.loc.gov/MARC21/slim http://www.loc.gov/standards/marcxml/schema/MARC21slim.xsd"
    xmlns="http://www.loc.gov/MARC21/slim">

  <leader>00735nam a2200193 i 4500</leader>
  <controlfield tag="001">87564</controlfield>
  <controlfield tag="003">ES-MaACL</controlfield>
  <controlfield tag="005">20251114102519.0</controlfield>
  <controlfield tag="007">t|</controlfield>
  <controlfield tag="008">041222s1973    sp           ||||1| spa d</controlfield>
  <datafield tag="100" ind1="1" ind2=" ">
    <subfield code="a">Labasse, Jean.</subfield>
    <subfield code="9">69219</subfield>
  </datafield>
  <datafield tag="245" ind1="1" ind2="3">
    <subfield code="a">La organizaci&#xF3;n del espacio </subfield>
    <subfield code="b">: elementos de geograf&#xED;a aplicada /</subfield>
    <subfield code="c">Jean Labasse ; [traducci&#xF3;n Amalia Alvarez Fraile ; revisi&#xF3;n y pr&#xF3;logo Jos&#xE9; Manuel Casas Torres].</subfield>
  </datafield>
  <datafield tag="260" ind1=" " ind2=" ">
    <subfield code="a">Madrid : </subfield>
    <subfield code="b">Instituto de Estudios de Administraci&#xF3;n Local, </subfield>
    <subfield code="c">[1973]</subfield>
  </datafield>
  <datafield tag="300" ind1=" " ind2=" ">
    <subfield code="a">752 p., 2 l&#xE1;m. : </subfield>
    <subfield code="b">il. ; </subfield>
    <subfield code="c">25 cm.</subfield>
  </datafield>
  <datafield tag="700" ind1="1" ind2=" ">
    <subfield code="a">Alvarez Fraile, Amalia.</subfield>
    <subfield code="9">20810</subfield>
  </datafield>
  <datafield tag="700" ind1="1" ind2=" ">
    <subfield code="a">Casas Torres, Jos&#xE9; Manuel, </subfield>
    <subfield code="d">1916-2010</subfield>
    <subfield code="9">36236</subfield>
  </datafield>
  <datafield tag="852" ind1=" " ind2=" ">
    <subfield code="a">ES-MaACL</subfield>
    <subfield code="j">C-50775 </subfield>
    <subfield code="b">R.85183</subfield>
  </datafield>
  <datafield tag="999" ind1=" " ind2=" ">
    <subfield code="c">87564</subfield>
    <subfield code="d">87564</subfield>
  </datafield>
  <datafield tag="952" ind1=" " ind2=" ">
    <subfield code="0">0</subfield>
    <subfield code="1">0</subfield>
    <subfield code="4">0</subfield>
    <subfield code="7">0</subfield>
    <subfield code="a">ATENEOM</subfield>
    <subfield code="b">ATENEOM</subfield>
    <subfield code="c">DEPO2</subfield>
    <subfield code="d">2008-01-17</subfield>
    <subfield code="e">SC</subfield>
    <subfield code="l">0</subfield>
    <subfield code="o">C-50775</subfield>
    <subfield code="p">1091481</subfield>
    <subfield code="r">2023-02-23 00:00:00</subfield>
    <subfield code="w">2023-02-23</subfield>
    <subfield code="y">MONOGRAFIA</subfield>
  </datafield>
</record>
